Solovjev y Teilhard (Record no. 146809)

MARC details
000 -LEADER
campo de control de longitud fija 00808nam a2200229 i 4500
001 - NÚMERO DE CONTROL
campo de control 146809
003 - IDENTIFICADOR DE NÚMERO DE CONTROL
campo de control ES-MaACL
005 - FECHA Y HORA DE LA ÚLTIMA TRANSACCIÓN
campo de control 20250928115211.0
007 - CAMPO FIJO DE DESCRIPCIÓN FÍSICA--INFORMACIÓN GENERAL
campo de control de longitud fija t|
008 - DATOS DE LONGITUD FIJA--INFORMACIÓN GENERAL
campo de control de longitud fija 070918s1966 sp ||||1| spa d
080 ## - NÚMERO DE LA CLASIFICACIÓN DECIMAL UNIVERSAL
Número de la Clasificación Decimal Universal 92(Solovief, Vladimir)
080 ## - NÚMERO DE LA CLASIFICACIÓN DECIMAL UNIVERSAL
Número de la Clasificación Decimal Universal 92(Teilhard de Chardin, Pierre)
100 1# - ENTRADA PRINCIPAL--NOMBRE DE PERSONA
Nombre de persona Truhlar, Karel Vladimir.
9 (RLIN) 111558
245 10 - MENCIÓN DEL TÍTULO
Título Solovjev y Teilhard
Resto del título : poesía y experencia religiosa /
Mención de responsabilidad, etc. Karel Vladimir Truhlar ; [traducido por Eustaquio Barjau].
260 ## - PUBLICACIÓN, DISTRIBUCIÓN, ETC.
Lugar de publicación, distribución, etc. Madrid :
Nombre del editor, distribuidor, etc. Razón y Fe,
Fecha de publicación, distribución, etc. [1966]
300 ## - DESCRIPCIÓN FÍSICA
Extensión 170 p. ;
Dimensiones 20 cm.
600 17 - PUNTO DE ACCESO ADICIONAL DE MATERIA--NOMBRE DE PERSONA
Nombre de persona Solov'iov, Vladimir Sergueevich,
Fechas asociadas al nombre 1853-1900
Fuente del encabezamiento o término
9 (RLIN) 140456
600 14 - PUNTO DE ACCESO ADICIONAL DE MATERIA--NOMBRE DE PERSONA
Nombre de persona Teilhard de Chardin, Pierre,
Fechas asociadas al nombre 1881-1955
9 (RLIN) 109521
700 1# - ENTRADA AGREGADA--NOMBRE PERSONAL
Nombre de persona Barjau, Eustaquio.
9 (RLIN) 25665
852 ## - LOCALIZACIÓN
Ubicación ES-MaACL
Número de control de estantería C-30630
Sublocalización o colección R.70219
Holdings
Estatus retirado Estado de pérdida Estado de daño No para préstamo Biblioteca de origen Biblioteca actual Ubicación en estantería Fecha de adquisición Fuente de adquisición Total de préstamos Signatura topográfica completa Código de barras Visto por última vez Precio de reemplazo Tipo de ítem Koha
        Biblioteca del Ateneo de Madrid Biblioteca del Ateneo de Madrid Depósito 2 17/01/2008     C-30630 1153220 23/02/2023 23/02/2023 Libro impreso